000 00803nam a2200157 a 4500
008 120416s1982 ||||||||||||||||| || u
050 _aQA 76.73.B3 Smi
100 _aSmith, P.D
245 1 0 _aBASIC hydraulics.
260 _aLondon
_bButterworth Scientific
_c1982
300 _a[6] 156p. : ill.
350 _a0.00
995 _D0.00
_FCBU-MAIN LIBRARY (Kitwe)
_H2
_I7.50
_M3
_UAVAILABLE
_ZAnnex Low-Usage Collection
995 _D0.00
_FCBU-MAIN LIBRARY (Kitwe)
_H3
_I7.50
_M1
_UAVAILABLE
_ZAnnex Low-Usage Collection
995 _D0.00
_FCBU-MAIN LIBRARY (Kitwe)
_H1
_I7.50
_M2
_UAVAILABLE
_ZAnnex Low-Usage Collection
999 _c81010
_d81010